Theory Methodology Practice

Gespeichert in:
Bibliographische Detailangaben
Format: Schriftenreihe
Sprache:Englisch
Veröffentlicht: Miskolc University of Miskolc 2020
Schlagworte:
Tags: Tag hinzufügen
Keine Tags, Fügen Sie das erste Tag hinzu!

MARC

LEADER 00000nas2a2200000 4500
001 0303604
005 20240813112303.6
022 |a 1589-3413 
041 0 |a eng 
044 |a HU 
245 1 0 |a Theory Methodology Practice 
264 1 |a Miskolc  |b University of Miskolc  |c 2020 
500 |a chýba č. 2 
773 0 |w eu_un_cat*0126063 
610 2 0 |a veda ekonomická 
610 2 0 |a teórie ekonomické 
610 2 0 |a metodológia